| 000 | 01040pam a2200325 a 4500 | ||
|---|---|---|---|
| 001 | 4346693 | ||
| 003 | OSt | ||
| 005 | 20140310182720.0 | ||
| 008 | 891130s1990 nyua b 000 0 eng | ||
| 010 | _a 89049653 | ||
| 020 |
_a0671689797 : _c$18.95 ($24.95 Can.) |
||
| 040 |
_aDLC _cDLC _dDLC |
||
| 050 | 0 | 0 |
_aRM 222.2 _b.N279 1990 |
| 082 | 0 | 0 |
_aM 613.26 _bN21 1990 |
| 100 | 1 | _aNatow, Annette B. | |
| 245 | 1 | 4 |
_aThe fat attack plan / _cNatow, Annette B.; Heslin, Jo-ann |
| 260 |
_aNew York : _bPocket Books, _cc1990. |
||
| 300 |
_axii, 355 p. : _c24 cm. |
||
| 504 | _aIncludes bibliographical references (p. 351-355). | ||
| 521 | _aCollege Students | ||
| 526 | _c1210L-1700L | ||
| 541 | _j1 | ||
| 562 | _e1 | ||
| 650 | 0 | _aReducing diets. | |
| 650 | 0 | _aLow-fat diet. | |
| 700 | 1 | _aHeslin, Jo-Ann. | |
| 906 |
_a7 _bcbc _corignew _d1 _eocip _f19 _gy-gencatlg |
||
| 942 |
_2lcc _cBK _kM |
||
| 999 |
_c15329 _d15329 |
||